000 00649nam a2200229Ia 4500
003 OSt
005 20220923230641.0
006 a|||||r|||| 00| 0
007 ta
008 Pun
024 _a288,605
037 _cTextual
040 _aARTS
_cARTS
_bPun
041 _2Pun
_aPun
082 _aV236.N9, 153N1
100 _aਆਨੰਦ, ਜਗਜੀਤ ਸਿੰਘ
_9156315
245 0 _aਪੰਜਾਬ ਸਮੱਸਿਆ ਦੇ ਸਨਮੁਖ
260 _c1991
650 _aਭਾਰਤੀਯ ਇਤਿਹਾਸ
942 _hV236.N9, 153N1
_cTEXL
_2CC
999 _c386274
_d386274